LIBRARY & INFORMATION CENTRE, KCAET, TAVANUR

ONLINE PUBLIC ACCESS CATALOGUE (OPAC)

Nanophysics (Record no. 14418)

MARC details
000 -LEADER
fixed length control field 00258nam a22001217a 4500
020 ## - INTERNATIONAL STANDARD BOOK NUMBER
ISBN 9789381575406
082 ## - DEWEY DECIMAL CLASSIFICATION NUMBER
Classification number 539.7
Item number VER/NA
100 ## - MAIN ENTRY--AUTHOR NAME
Personal name Verma,V.K
245 ## - TITLE STATEMENT
Title Nanophysics
260 ## - PUBLICATION, DISTRIBUTION, ETC. (IMPRINT)
Place of publication New Delhi
Name of publisher Pearl Books
Year of publication 2012
300 ## - PHYSICAL DESCRIPTION
Number of Pages 248
942 ## - ADDED ENTRY ELEMENTS (KOHA)
Koha item type Books
Holdings
Withdrawn status Lost status Damaged status Collection code Home library Current library Shelving location Date acquired Source of acquisition Cost, normal purchase price Full call number Accession Number Koha item type
        KAUAET KAUAET General Stacks 29/06/2016 Scientific Book Centre, Kochi 900.00 539.7 VER/NA 23952 Books
free website counter